MARC

LEADER 00000nam0a2200000 4500
001 286603
005 20231101235916.0
020 |a RU  |b 85-57124 
035 |a (RuTPU)RU\TPU\book\310923 
090 |a 286603 
100 |a 20150306d1985 km y0rusy5003 ca 
101 0 |a rus 
102 |a AZ 
105 |a a z 001zy 
200 1 |a Основные пути интенсификации процессов гранулирования суперфосфатов  |f Я. И. Рустамов  |g Академия наук Азербайджанской ССР (АН АзССР), Институт хлорорганического синтеза 
210 |a Баку  |c Элм  |d 1985 
215 |a 87 с.  |c ил.  |d 21 см 
225 1 |a Процессы и аппараты химической технологии 
320 |a Библиогр.: с. 84-86 
606 1 |a Суперфосфат  |x Грануляция  |2 stltpush  |3 (RuTPU)RU\TPU\subj\32256  |9 54861 
610 1 |a порошкообразные материалы 
610 1 |a псевдоожиженный слой 
610 1 |a водяной пар 
610 1 |a увлажнение 
610 1 |a суперфосфаты 
610 1 |a влажные гранулы 
610 1 |a сушка 
675 |a 661.632.2  |z rus  |v 4 
700 1 |a Рустамов  |b Я. И.  |g Явуз Исмаил оглы  |4 070 
712 0 2 |a Академия наук Азербайджанской ССР (АН АзССР)  |b Институт хлорорганического синтеза  |c (Сумгаит)  |2 stltpush  |3 (RuTPU)RU\TPU\col\11095 
801 0 |a RU  |b RuMRKP  |c 19950704  |g psbo 
801 1 |a RU  |b 63413507  |c 20150306 
801 2 |a RU  |b 63413507  |c 20180117  |g RCR 
942 |c BK